<?xml version="1.0" encoding="UTF-8"?>
<record
    xmlns:xsi="http://www.w3.org/2001/XMLSchema-instance"
    xsi:schemaLocation="http://www.loc.gov/MARC21/slim http://www.loc.gov/standards/marcxml/schema/MARC21slim.xsd"
    xmlns="http://www.loc.gov/MARC21/slim">

  <leader>02668nam a2200253   4500</leader>
  <controlfield tag="003">NALT</controlfield>
  <controlfield tag="005">20251015124532.0</controlfield>
  <controlfield tag="008">251008b        th ||||| |||| 00| 1 tha d</controlfield>
  <datafield tag="020" ind1=" " ind2=" ">
    <subfield code="a">9786167441610</subfield>
  </datafield>
  <datafield tag="040" ind1=" " ind2=" ">
    <subfield code="a">NALT</subfield>
  </datafield>
  <datafield tag="090" ind1=" " ind2=" ">
    <subfield code="a">FIC</subfield>
    <subfield code="b">&#xE23;189&#xE1A; 2561</subfield>
  </datafield>
  <datafield tag="100" ind1="0" ind2=" ">
    <subfield code="a">&#xE23;&#xE2D;&#xE21;&#xE41;&#xE1E;&#xE07;</subfield>
    <subfield code="9">54821</subfield>
  </datafield>
  <datafield tag="245" ind1="1" ind2="0">
    <subfield code="a">&#xE1A;&#xE38;&#xE1E;&#xE40;&#xE1E;&#xE2A;&#xE31;&#xE19;&#xE19;&#xE34;&#xE27;&#xE32;&#xE2A; /</subfield>
    <subfield code="c">&#xE23;&#xE2D;&#xE21;&#xE41;&#xE1E;&#xE07;. </subfield>
  </datafield>
  <datafield tag="250" ind1=" " ind2=" ">
    <subfield code="a">&#xE1E;&#xE34;&#xE21;&#xE1E;&#xE4C;&#xE04;&#xE23;&#xE31;&#xE49;&#xE07;&#xE17;&#xE35;&#xE48; 84-93.</subfield>
  </datafield>
  <datafield tag="260" ind1=" " ind2=" ">
    <subfield code="a">&#xE01;&#xE23;&#xE38;&#xE07;&#xE40;&#xE17;&#xE1E;&#xE2F; : </subfield>
    <subfield code="b">&#xE41;&#xE2E;&#xE1B;&#xE1B;&#xE35;&#xE49; &#xE1A;&#xE32;&#xE19;&#xE32;&#xE19;&#xE32;, </subfield>
    <subfield code="c">2561.</subfield>
  </datafield>
  <datafield tag="300" ind1=" " ind2=" ">
    <subfield code="a">512 &#xE2B;&#xE19;&#xE49;&#xE32; ; </subfield>
    <subfield code="c">18 &#xE0B;&#xE21;. </subfield>
  </datafield>
  <datafield tag="505" ind1="2" ind2=" ">
    <subfield code="a">&#xE15;&#xE2D;&#xE19;&#xE17;&#xE35;&#xE48; 1 &#xE44;&#xE21;&#xE48;&#xE2D;&#xE49;&#xE27;&#xE19;&#xE40;&#xE2D;&#xE32;&#xE40;&#xE17;&#xE48;&#xE32;&#xE44;&#xE2B;&#xE23;&#xE48; -- &#xE15;&#xE2D;&#xE19;&#xE17;&#xE35;&#xE48; 2 &#xE41;&#xE21;&#xE48;&#xE2B;&#xE0D;&#xE34;&#xE07;&#xE27;&#xE34;&#xE1B;&#xE25;&#xE32;&#xE2A; -- &#xE15;&#xE2D;&#xE19;&#xE17;&#xE35;&#xE48; 3 &#xE08;&#xE33;&#xE15;&#xE49;&#xE2D;&#xE07;&#xE1B;&#xE23;&#xE31;&#xE1A;&#xE15;&#xE31;&#xE27; -- &#xE15;&#xE2D;&#xE19;&#xE17;&#xE35;&#xE48; 4 &#xE04;&#xE19;&#xE40;&#xE1E;&#xE34;&#xE48;&#xE07;&#xE2A;&#xE27;&#xE22;...&#xE40;&#xE04;&#xE23;&#xE35;&#xE22;&#xE14;! -- &#xE15;&#xE2D;&#xE19;&#xE17;&#xE35;&#xE48; 5 &#xE40;&#xE1B;&#xE25;&#xE35;&#xE48;&#xE22;&#xE19;&#xE19;&#xE32;&#xE07;&#xE23;&#xE49;&#xE32;&#xE22;&#xE43;&#xE2B;&#xE49;&#xE01;&#xE25;&#xE32;&#xE22;&#xE40;&#xE1B;&#xE47;&#xE19;&#xE19;&#xE32;&#xE07;&#xE40;&#xE2D;&#xE01; -- &#xE15;&#xE2D;&#xE19;&#xE17;&#xE35;&#xE48; 6 &#xE41;&#xE21;&#xE48;&#xE21;&#xE30;&#xE25;&#xE34; -- &#xE15;&#xE2D;&#xE19;&#xE17;&#xE35;&#xE48; 7 &#xE41;&#xE21;&#xE48;&#xE2B;&#xE0D;&#xE34;&#xE07;&#xE41;&#xE1C;&#xE25;&#xE07;&#xE24;&#xE17;&#xE18;&#xE34;&#xE4C; -- &#xE15;&#xE2D;&#xE19;&#xE17;&#xE35;&#xE48; 8 &#xE19;&#xE49;&#xE33;&#xE15;&#xE32;&#xE19;&#xE32;&#xE07;&#xE23;&#xE49;&#xE32;&#xE22; -- &#xE15;&#xE2D;&#xE19;&#xE17;&#xE35;&#xE48; 9 &#xE19;&#xE31;&#xE01;&#xE2A;&#xE37;&#xE1A;&#xE40;&#xE23;&#xE37;&#xE2D;&#xE41;&#xE08;&#xE27; -- &#xE15;&#xE2D;&#xE19;&#xE17;&#xE35;&#xE48; 10 &#xE02;&#xE38;&#xE19;&#xE40;&#xE2B;&#xE25;&#xE47;&#xE01; &#xE02;&#xE38;&#xE19;&#xE1B;&#xE32;&#xE19; -- &#xE15;&#xE2D;&#xE19;&#xE17;&#xE35;&#xE48; 11 &#xE04;&#xE48;&#xE33;&#xE04;&#xE37;&#xE19;&#xE41;&#xE2B;&#xE48;&#xE07;&#xE14;&#xE27;&#xE07;&#xE08;&#xE31;&#xE19;&#xE17;&#xE23;&#xE4C; -- &#xE15;&#xE2D;&#xE19;&#xE17;&#xE35;&#xE48; 12 &#xE40;&#xE25;&#xE37;&#xE48;&#xE2D;&#xE19;&#xE22;&#xE28; -- &#xE15;&#xE2D;&#xE19;&#xE17;&#xE35;&#xE48; 13 &#xE40;&#xE21;&#xE32;&#xE23;&#xE31;&#xE01; -- &#xE15;&#xE2D;&#xE19;&#xE17;&#xE35;&#xE48; 14 &#xE1B;&#xE2A;&#xE32;&#xE19;&#xE17;&#xE31;&#xE27;&#xE23;&#xE4C; -- &#xE15;&#xE2D;&#xE19;&#xE17;&#xE35;&#xE48; 15 &#xE0A;&#xE38;&#xE21;&#xE0A;&#xE19;&#xE42;&#xE1B;&#xE23;&#xE15;&#xE38;&#xE40;&#xE01;&#xE2A; -- &#xE15;&#xE2D;&#xE19;&#xE17;&#xE35;&#xE48; 16 &#xE2D;&#xE38;&#xE1A;&#xE31;&#xE15;&#xE34;&#xE23;&#xE31;&#xE01; -- &#xE15;&#xE2D;&#xE19;&#xE17;&#xE35;&#xE48; 17 &#xE19;&#xE35;&#xE48;&#xE04;&#xE37;&#xE2D;&#xE0A;&#xE35;&#xE27;&#xE34;&#xE15; -- &#xE15;&#xE2D;&#xE19;&#xE17;&#xE35;&#xE48; 18 &#xE2B;&#xE21;&#xE31;&#xE49;&#xE19;&#xE2B;&#xE21;&#xE32;&#xE22; -- &#xE15;&#xE2D;&#xE19;&#xE17;&#xE35;&#xE48; 19 &#xE40;&#xE17;&#xE35;&#xE48;&#xE22;&#xE27;&#xE40;&#xE21;&#xE37;&#xE2D;&#xE07;&#xE25;&#xE30;&#xE42;&#xE27;&#xE49; -- &#xE15;&#xE2D;&#xE19;&#xE17;&#xE35;&#xE48; 20 &#xE2A;&#xE33;&#xE41;&#xE14;&#xE07;&#xE1B;&#xE31;&#xE0D;&#xE0D;&#xE32; -- &#xE15;&#xE2D;&#xE19;&#xE17;&#xE35;&#xE48; 21 &#xE2A;&#xE39;&#xE48;&#xE17;&#xE32;&#xE07;&#xE02;&#xE49;&#xE32;&#xE07;&#xE2B;&#xE19;&#xE49;&#xE32; -- &#xE15;&#xE2D;&#xE19;&#xE17;&#xE35;&#xE48; 22 &#xE04;&#xE19;&#xE44;&#xE01;&#xE25;&#xE04;&#xE37;&#xE19;&#xE01;&#xE25;&#xE31;&#xE1A;&#xE04;&#xE19;&#xE43;&#xE01;&#xE25;&#xE49;&#xE01;&#xE25;&#xE31;&#xE1A;&#xE04;&#xE37;&#xE19; -- &#xE15;&#xE2D;&#xE19;&#xE17;&#xE35;&#xE48; 23 &#xE40;&#xE1E;&#xE23;&#xE32;&#xE30;&#xE04;&#xE33;&#xE27;&#xE48;&#xE32;&#xE23;&#xE31;&#xE01; -- &#xE15;&#xE2D;&#xE19;&#xE17;&#xE35;&#xE48; 24 &#xE21;&#xE19;&#xE15;&#xE4C;&#xE2D;&#xE33;&#xE1E;&#xE23;&#xE32;&#xE07; -- &#xE15;&#xE2D;&#xE19;&#xE17;&#xE35;&#xE48; 25 &#xE2A;&#xE33;&#xE40;&#xE20;&#xE32;&#xE19;&#xE49;&#xE33;&#xE15;&#xE32;&#xE25; -- &#xE15;&#xE2D;&#xE19;&#xE17;&#xE35;&#xE48; 26 &#xE43;&#xE1A;&#xE44;&#xE21;&#xE49;&#xE23;&#xE48;&#xE27;&#xE07; -- &#xE15;&#xE2D;&#xE19;&#xE17;&#xE35;&#xE48; 27 &#xE27;&#xE38;&#xE48;&#xE19;&#xE27;&#xE32;&#xE22;&#xE2A;&#xE25;&#xE32;&#xE22;&#xE15;&#xE31;&#xE27; -- &#xE15;&#xE2D;&#xE19;&#xE17;&#xE35;&#xE48; 28 &#xE23;&#xE31;&#xE01;&#xE19;&#xE34;&#xE23;&#xE31;&#xE19;&#xE14;&#xE23;&#xE4C;.</subfield>
  </datafield>
  <datafield tag="650" ind1=" " ind2="4">
    <subfield code="a">&#xE19;&#xE27;&#xE19;&#xE34;&#xE22;&#xE32;&#xE22;&#xE44;&#xE17;&#xE22;</subfield>
    <subfield code="9">6428</subfield>
  </datafield>
  <datafield tag="942" ind1=" " ind2=" ">
    <subfield code="2">local</subfield>
    <subfield code="c">FIC</subfield>
  </datafield>
  <datafield tag="996" ind1=" " ind2=" ">
    <subfield code="a">jidapa.t</subfield>
    <subfield code="b">ACQSTF</subfield>
    <subfield code="c">2025-10-08</subfield>
  </datafield>
  <datafield tag="996" ind1=" " ind2=" ">
    <subfield code="a">varee.k</subfield>
    <subfield code="b">LIBSTF</subfield>
    <subfield code="c">2025-10-09</subfield>
  </datafield>
  <datafield tag="996" ind1=" " ind2=" ">
    <subfield code="a">saiphon.d</subfield>
    <subfield code="b">CATSTF	</subfield>
    <subfield code="c">2025-10-15</subfield>
  </datafield>
  <datafield tag="999" ind1=" " ind2=" ">
    <subfield code="c">107343</subfield>
    <subfield code="d">107343</subfield>
  </datafield>
  <datafield tag="998" ind1=" " ind2=" ">
    <subfield code="j">104</subfield>
    <subfield code="k"> &#xE19;&#xE32;&#xE07;&#xE2A;&#xE32;&#xE27;&#xE2A;&#xE32;&#xE22;&#xE1D;&#xE19;  &#xE14;&#xE35;&#xE07;&#xE32;&#xE21;</subfield>
  </datafield>
  <datafield tag="952" ind1=" " ind2=" ">
    <subfield code="0">0</subfield>
    <subfield code="1">0</subfield>
    <subfield code="2">local</subfield>
    <subfield code="4">0</subfield>
    <subfield code="7">0</subfield>
    <subfield code="8">CFICSHT</subfield>
    <subfield code="a">NALT</subfield>
    <subfield code="b">NALT</subfield>
    <subfield code="c">FICSHT</subfield>
    <subfield code="d">2025-10-08</subfield>
    <subfield code="l">0</subfield>
    <subfield code="o">FIC &#xE23;189&#xE1A; 2561</subfield>
    <subfield code="p">3961215769</subfield>
    <subfield code="r">2025-10-08 00:00:00</subfield>
    <subfield code="w">2025-10-08</subfield>
    <subfield code="y">FIC</subfield>
  </datafield>
</record>
